[Event "Let's Play Chess!"]
[Site "http://www.queenalice.com/game.php?id=262052"]
[Date "2007.8.26"]
[Round "-"]
[White "bizorim"]
[Black "spawnwolfwolverine"]
[Result "1-0"]
[WhiteElo "1500"]
[BlackElo "1702"]

1. e4 e5 2. Nf3 d6 3. Nc3 Bg4 4. h3 Bxf3 5. Qxf3 Nf6 6. Bc4 Be7 7. d3 O-O 8. O-O
a6 9. a3 b5 10. Ba2 c6 11. Bg5 Nbd7 12. Rad1 c5 13. Rfe1 a5 14. Nd5 Nxd5 15.
Bxe7 Qxe7 16. Bxd5 Ra7 17. c3 Nf6 18. Bc6 b4 19. axb4 axb4 20. cxb4 cxb4 21. d4
exd4 22. Rxd4 Rc8 23. Bb5 Rb7 24. Ba6 Rc2 25. Bxb7 Qxb7 26. Qb3 Rc6 27. Rxb4 Qe7
28. Rb8+ Ne8 29. Qb5 Qd7 30. e5 Kf8 31. exd6 f6 32. Rbxe8+ Qxe8 33. Rxe8+ Kxe8
34. Qxc6+ Kf7 35. d7 h5 36. d8=Q Kg6 37. Qde8+ Kh6 38. Qce4 f5 39. Qxf5 g6 40.
Qexg6# 1-0

[Event "Let's Play Chess!"]
[Site "http://www.queenalice.com/game.php?id=262280"]
[Date "2007.8.27"]
[Round "-"]
[White "bizorim"]
[Black "Kirkland"]
[Result "0-1"]
[WhiteElo "1460"]
[BlackElo "2376"]

1. e4 d5 2. exd5 Qxd5 3. c4 Qe4+ 4. Qe2 Qxe2+ 5. Bxe2 Nc6 6. Nf3 e5 7. Nc3 Bg4
8. h3 Bf5 9. O-O O-O-O 10. b3 h6 11. Bb2 e4 12. Nh2 Rxd2 13. Bc1 Rd8 14. Bg4
Bxg4 15. Nxg4 g5 16. Nxe4 f5 17. Nxg5 hxg5 18. Bxg5 fxg4 19. Bxd8 Nxd8 20. hxg4
Bc5 21. Rae1 Nf6 22. g5 Ng4 23. Re4 Nxf2 24. Rxf2 Rf8 25. Re2 Rxf2 26. Rxf2 Kd7
27. g4 Ke7 28. Kg2 Bxf2 29. Kxf2 Ne6 30. g6 Kf6 31. Ke3 Kxg6 32. Ke4 Kf6 33. Kd5
Ng5 34. c5 Nf7 35. a4 c6+ 36. Ke4 Ng5+ 37. Kd4 a5 0-1

[Event "AUTO-OPEN-806"]
[Site "http://www.queenalice.com/game.php?id=262326"]
[Date "2007.8.27"]
[Round "1"]
[White "Tessaro"]
[Black "bizorim"]
[Result "1-0"]
[WhiteElo "1775"]
[BlackElo "1373"]

1. e4 e5 2. Nf3 Nc6 3. Bc4 Nf6 4. Ng5 d5 5. exd5 Nxd5 6. Nxf7 Kxf7 7. Qf3+ Ke6
8. Nc3 Ne7 9. d4 exd4 10. Qe4+ Kf6 11. Qxd4+ Ke6 12. Qe4+ Kf6 13. Nxd5+ Nxd5 14.
Qxd5 Qxd5 15. Bxd5 c6 16. Bb3 Be6 17. Bxe6 Kxe6 18. O-O Kd7 19. Bf4 Bc5 20.
Rad1+ 1-0

[Event "AUTO-OPEN-806"]
[Site "http://www.queenalice.com/game.php?id=262327"]
[Date "2007.8.27"]
[Round "1"]
[White "bizorim"]
[Black "Tessaro"]
[Result "0-1"]
[WhiteElo "1373"]
[BlackElo "1777"]

1. e4 c5 2. Nf3 d6 3. Bb5+ Bd7 4. Bxd7+ Qxd7 5. O-O Nf6 6. Nc3 e6 7. d4 cxd4 8.
Qxd4 Nc6 9. Qd3 Be7 10. b3 O-O 11. Bb2 a6 12. Rfe1 Rfd8 13. Rad1 Nb4 14. Qe2
Rac8 15. a3 Nc6 16. e5 Ne8 17. exd6 Nxd6 18. Ne5 Qc7 19. Rd3 Nf5 20. Nxf7 Rxd3
21. cxd3 Ncd4 0-1

[Event "AUTO-OPEN-806"]
[Site "http://www.queenalice.com/game.php?id=262346"]
[Date "2007.8.27"]
[Round "1"]
[White "gipmachado"]
[Black "bizorim"]
[Result "1-0"]
[WhiteElo "2331"]
[BlackElo "1295"]

1. e4 e5 2. Nf3 Nc6 3. d4 exd4 4. Nxd4 Nxd4 5. Qxd4 c5 6. Qe5+ Qe7 7. Bf4 Qxe5
8. Bxe5 d6 9. Bg3 Be7 10. Nc3 b6 11. Bb5+ Bd7 12. O-O-O Bxb5 13. Nxb5 Rd8 14.
Bxd6 Bxd6 15. Nxd6+ Ke7 16. Nf5+ 1-0

[Event "AUTO-OPEN-806"]
[Site "http://www.queenalice.com/game.php?id=262347"]
[Date "2007.8.27"]
[Round "1"]
[White "bizorim"]
[Black "gipmachado"]
[Result "0-1"]
[WhiteElo "1295"]
[BlackElo "2321"]

1. e4 e5 2. Nf3 Nc6 3. Bb5 a6 4. Bxc6 dxc6 5. Nc3 Bb4 6. O-O Qd6 7. a3 Bc5 8. b4
Ba7 9. Bb2 f6 10. Ne2 Bg4 11. Ng3 O-O-O 12. d3 h5 13. h3 h4 14. Nf5 Bxf5 15.
exf5 Ne7 16. d4 e4 17. Nh2 Nxf5 18. c3 Rhe8 19. Re1 e3 0-1

[Event "AUTO-OPEN-806"]
[Site "http://www.queenalice.com/game.php?id=262358"]
[Date "2007.8.27"]
[Round "1"]
[White "bizorim"]
[Black "benilux"]
[Result "0-1"]
[WhiteElo "1311"]
[BlackElo "1546"]

1. e4 Nc6 2. Nf3 e5 3. Bb5 Nf6 4. Nc3 Nd4 5. Bc4 d6 6. d3 c6 7. Bg5 Bg4 8. h3
Nxf3+ 9. gxf3 Bh5 10. Qe2 Qb6 11. Qe3 Qxe3+ 12. Bxe3 Bxf3 13. O-O d5 14. exd5
cxd5 15. Bb5+ Nd7 16. Rfe1 Bb4 17. Bd2 d4 18. Nb1 Bc5 19. b4 Bb6 0-1

[Event "AUTO-OPEN-806"]
[Site "http://www.queenalice.com/game.php?id=262359"]
[Date "2007.8.27"]
[Round "1"]
[White "benilux"]
[Black "bizorim"]
[Result "1-0"]
[WhiteElo "1573"]
[BlackElo "1302"]

1. e4 e5 2. Nf3 Nc6 3. Bc4 Bc5 4. O-O Nge7 5. Nc3 O-O 6. b3 a6 7. Ng5 b5 8.
Bxf7+ Rxf7 9. Nxf7 Kxf7 10. Qh5+ g6 11. Qxh7+ Ke8 12. Nd5 Nxd5 13. Qg8+ Ke7 14.
Qxd5 Bb6 15. d3 Kf6 16. a4 Bb7 17. Bb2 d6 18. b4 Rb8 19. axb5 axb5 20. Qxb5 1-0

[Event "Let's Play Chess!"]
[Site "http://www.queenalice.com/game.php?id=262452"]
[Date "2007.8.27"]
[Round "-"]
[White "bizorim"]
[Black "ninaum"]
[Result "0-1"]
[WhiteElo "1460"]
[BlackElo "1571"]

1. e4 e5 2. Nf3 Nc6 3. Bb5 Nf6 4. d3 d6 5. Nc3 Bd7 6. O-O Be7 7. h3 O-O 8. Bxc6
Bxc6 9. Bg5 h6 10. Bxf6 Bxf6 11. d4 exd4 12. Nxd4 Qd7 13. Qd3 Rfe8 14. Rfe1 b6
15. Nxc6 Qxc6 16. Rad1 Re7 17. Nd5 Re6 18. Nxf6+ Rxf6 19. Re2 Qa4 20. a3 Re8 21.
Rde1 a5 22. e5 dxe5 23. Rxe5 Rxe5 24. Rxe5 Rd6 25. Qe4 Qxe4 26. Rxe4 Rd1+ 0-1

[Event "Let's Play Chess!"]
[Site "http://www.queenalice.com/game.php?id=263893"]
[Date "2007.8.30"]
[Round "-"]
[White "bizorim"]
[Black "QSL"]
[Result "1-0"]
[WhiteElo "1701"]
[BlackElo "1011"]

1. e4 d5 2. exd5 Qxd5 3. c4 Qe5+ 4. Qe2 Qc5 5. Nf3 Bg4 6. h3 Bxf3 7. Qxf3 g6 8.
Qxb7 Qe5+ 9. Be2 e6 10. Qxa8 c6 11. Qxa7 Bc5 12. Qa8 Nf6 13. Nc3 Bxf2+ 14. Kd1
Qg3 15. Bf3 O-O 16. Bxc6 Nxc6 17. Qxc6 Qd3 18. Qf3 Qxf3+ 19. gxf3 h5 20. Rh2 Bg3
21. Re2 g5 22. Rg2 h4 23. d4 Rd8 24. Ne2 1-0

[Event "Challenge"]
[Site "http://www.queenalice.com/game.php?id=263903"]
[Date "2007.8.30"]
[Round "-"]
[White "bizorim"]
[Black "Gadou"]
[Result "0-1"]
[WhiteElo "1701"]
[BlackElo "1385"]

1. e4 e5 2. Nf3 d6 3. Bc4 a6 4. d3 b5 5. Bd5 c6 6. Bb3 h6 7. O-O g5 8. d4 g4 9.
Ne1 Bg7 10. dxe5 Bxe5 11. f3 g3 12. hxg3 Bxg3 13. Be3 Qh4 14. Bf4 Qh2# 0-1

[Event "AUTO-INT-596"]
[Site "http://www.queenalice.com/game.php?id=264008"]
[Date "2007.8.30"]
[Round "1"]
[White "ricardosf"]
[Black "bizorim"]
[Result "1-0"]
[WhiteElo "1458"]
[BlackElo "1348"]

1. e3 e5 2. f4 exf4 3. exf4 Nf6 4. b3 Bc5 5. Nf3 O-O 6. Bc4 d5 7. Bb5 c6 8. Ba4
b5 9. c4 bxa4 10. bxa4 dxc4 11. Ba3 Bxa3 12. Nxa3 Qe7+ 13. Qe2 Qxa3 14. Ng5 1-0

[Event "AUTO-INT-596"]
[Site "http://www.queenalice.com/game.php?id=264009"]
[Date "2007.8.30"]
[Round "1"]
[White "bizorim"]
[Black "ricardosf"]
[Result "0-1"]
[WhiteElo "1373"]
[BlackElo "1445"]

1. e4 d5 2. exd5 g6 3. Nc3 h5 4. Nf3 Bg4 5. h3 Bf5 6. Bc4 c6 7. O-O cxd5 8. Bxd5
Bh6 9. Bxb7 Nd7 10. Bxa8 Qxa8 11. d3 g5 0-1

[Event "AUTO-INT-596"]
[Site "http://www.queenalice.com/game.php?id=264023"]
[Date "2007.8.30"]
[Round "1"]
[White "bizorim"]
[Black "aljunior"]
[Result "0-1"]
[WhiteElo "1327"]
[BlackElo "1735"]

1. e4 e5 2. Nf3 Nc6 3. Bb5 Bd6 4. Bxc6 dxc6 5. O-O Nf6 6. Nc3 O-O 7. d4 exd4 8.
Qxd4 Bg4 9. e5 Bxf3 10. gxf3 Be7 0-1